000 00829nas a2200277 4500
001 BR0601875
003 BR-BrBNA
005 20231205105956.0
007 ta
008 230509b bl.|||p| |||| 00| 00por d
040 _aBR-BrBNA
_bpor
_cBiblioteca Nacional de Agricultura
041 _a(Pt)
072 _aJ11
100 1 _aSantos, S.A. dos
100 1 _aAbreu, L.R. de
100 1 _aChagas, S.J. de R.
245 1 _aEfeito do armazenamento nos teores de fenólicos em caules de abacaxizeiro
650 _aABACAXI
650 _aCAULE
650 _aCOMPOSTO FENÓLICO
650 _aARMAZENAMENTO
650 _aVARIEDADE
773 0 _tRevista Brasileira de Agrociência (Brazil)
_xISSN 0104-8996
_g(Jan-Dec 1997), v. 3(1-3) p. 107-109
_wBR0601875
909 _a202311
_bLúcia
_c55
_dLúcia Elande
942 _2AGRIS
_n0
_cANA
999 _c185637
_d185637